| 000 | 00338nam a2200133Ia 4500 | ||
|---|---|---|---|
| 008 | 220204s9999 xx 000 0 und d | ||
| 082 |
_a678:539.389 _bBAR |
||
| 245 | 0 | _aRelaxation phenomena in polymers | |
| 260 |
_aNew York _bJohn Wiley _c1974 |
||
| 650 | _aPolymers | ||
| 700 | _aBartenev, G M | ||
| 700 | _aZelenev, Yu V | ||
| 942 | _cBK | ||
| 999 |
_c23341 _d23341 |
||